MARC

LEADER 00000nlm0a2200000 4500
001 187715
005 20231226172503.0
035 |a (RuTPU)RU\TPU\book\203679 
090 |a 187715 
100 |a 20101119d2010 m y0rusy50 ca 
101 0 |a rus 
102 |a RU 
105 |a a j 001zy 
135 |a ircnu---uucaa 
181 0 |a i  
182 0 |a b 
200 1 |a Введение в ядерную физику  |e учебное пособие  |f С. В. Беденко [и др.]  |g Национальный исследовательский Томский политехнический университет (ТПУ) 
203 |a Текст  |c электронный 
210 |a Томск  |d 2010 
300 |a Заглавие с титульного экрана 
337 |a Производительность CPU: P-II, монитор с разрешением 800/600; Объем ОЗУ: 62 Mb; Программное обеспечение: Internet Explorer 5.0 и выше 
606 1 |a Ядерная физика  |2 stltpush  |3 (RuTPU)RU\TPU\subj\21560  |9 46524 
610 1 |a труды учёных ТПУ 
610 1 |a электронные учебные пособия 
610 1 |a электронный ресурс 
610 1 |a атомное ядро 
610 1 |a элементарные частицы 
610 1 |a ядерные взаимодействия 
610 1 |a радиоактивность 
610 1 |a деление ядер 
610 1 |a термоядерные реакции 
610 1 |a цепные реакции 
610 1 |a ядерные реакторы 
675 |a 539.14(075.8)  |v 3 
701 1 |a Беденко  |b С. В.  |c физик  |c доцент Томского политехнического университета, кандидант физико-математических наук  |f 1980-  |g Сергей Владимирович  |3 (RuTPU)RU\TPU\pers\25456  |9 11395 
701 1 |a Данейкин  |b Ю. В.  |c российский физик  |c доцент кафедры ФЭУ ФТИ НИТПУ, кандидат физико-математических наук  |f 1978-  |g Юрий Викторович  |3 (RuTPU)RU\TPU\pers\25387 
701 1 |a Нестеров  |b В. Н.  |c специалист в области атомной энергетики  |c доцент Томского политехнического университета, кандидат технических наук  |f 1977-  |g Владимир Николаевич  |3 (RuTPU)RU\TPU\pers\26412  |9 12116 
701 1 |a Кадочников  |b С. Д.  |g Сергей Дмитриевич 
712 0 2 |a Национальный исследовательский Томский политехнический университет (ТПУ)  |c (2009- )  |3 (RuTPU)RU\TPU\col\15902 
801 1 |a RU  |b 63413507  |c 20100324 
801 2 |a RU  |b 63413507  |c 20120217  |g RCR 
856 4 |u http://www.lib.tpu.ru/fulltext/m/2010/m2/main.html 
942 |c CF